מדינות ארצות הברית - Statistics

General Stats
  • This quiz has been taken 132 times
  • The average score is 35 of 50
Answers on the Map
Answers color-coded by a green-red scale on the quiz's map according to % correct below.
 
Answer Stats
State % Correct
קליפורניה
96%
אלסקה
94%
ניו יורק
94%
פלורידה
90%
הוואי
90%
טקסס
90%
אריזונה
88%
וושינגטון
88%
אלבמה
86%
ניו מקסיקו
86%
ג'ורג'יה
84%
מיין
82%
מישיגן
82%
נבדה
82%
צפון דקוטה
82%
דרום דקוטה
82%
מינסוטה
76%
מיסיסיפי
76%
ניו ג'רזי
76%
קולורדו
74%
קנזס
74%
אוהיו
74%
פנסילבניה
74%
יוטה
72%
ארקנסו
70%
אילינוי
70%
מרילנד
70%
לואיזיאנה
68%
אינדיאנה
66%
מסצ'וסטס
66%
צפון קרוליינה
64%
רוד איילנד
64%
דרום קרוליינה
64%
אוקלהומה
62%
וירג'יניה
62%
נברסקה
60%
איידהו
58%
מיזורי
58%
ניו המפשיר
58%
מונטנה
56%
קונטיקט
54%
איווה
54%
אורגון
54%
וויומינג
54%
טנסי
52%
דלוור
50%
קנטאקי
50%
וירג'יניה המערבית
50%
וויסקונסין
50%
ורמונט
46%
No matching quizzes found
Score Distribution
Percent of People with Each Score
Percentile by Number Answered
Your Score History
You have not taken this quiz